000
00330nam a2200145Ia 4500
008
150201s2013 xx 000 0 und d
082
_a
616.01
_b
M13B
100
_a
BAVEJA , C. P
245
_a
TB. OF MICROBIOLOGY
250
_a
4TH
260
_b
ARYA
_a
DELHI
_c
2013
300
_a
1-652
650
_a
MICROBIOLOGY
942
_2
ddc
_c
BK
999
_c
1426
_d
1426